000 00518nam a22001817a 4500
003 CEME
005 20210628202548.0
008 210119b xxu||||| |||| 00| 0 eng d
020 _a1-85649-131-5
040 _cceme
082 _a958 AHM
100 _aAhmed Rashid
_9342
245 _aThe resurgence of central asia ,islam or nationalism
260 _aLAHORE
_bOXFORD UNIVERSITY
_c1995
300 _aXI, 278 P
650 _aASIA, CENTRAL HISTORY, NATIONALISM - ASIA.ISLAM OR NATIONALISM
_960505
942 _cBK
_2ddc
999 _c570210
_d570210